Veřejná správa a evropská právní integrace

Gespeichert in:
Bibliographische Detailangaben
1. Verfasser: Pomahač, Richard
Weitere Verfasser: Widemannová, Marie
Format: Buch
Sprache:Tschechisch
Veröffentlicht: Praha VŠE - Fakulta národohospodářská 2002
Schlagworte:
Tags: Tag hinzufügen
Keine Tags, Fügen Sie das erste Tag hinzu!

MARC

LEADER 00000nam a2200000 4500
001 c139454
005 20221124093218.4
020 |a 80-245-0310-7 
041 0 |a cze 
044 |a CZ 
245 1 0 |a Veřejná správa a evropská právní integrace  |c Richard Pomahač, Marie Widemannová 
264 1 |a Praha  |b VŠE - Fakulta národohospodářská  |c 2002 
300 |a 111 s. 
610 2 0 |a správa verejná 
610 2 0 |a integrácia 
610 2 0 |a právo 
610 2 0 |a právo správne 
610 2 0 |a Európska únia 
610 2 0 |a Česko 
610 2 0 |a samospráva 
610 2 0 |a samospráva miestna 
610 2 0 |a samospráva regionálna 
610 2 0 |a regionalizácia 
610 2 0 |a Európa 
610 2 0 |a dohody medzinárodné 
610 2 0 |a spolupráca medzinárodná 
610 2 0 |a spolupráca cezhraničná 
100 1 |a Pomahač, Richard 
700 1 |a Widemannová, Marie